[Event "Ruhrgebiet Regionalliga 1819"]
[Site "Nordrheinwestfalen"]
[Date "2019.05.19"]
[Round "10.6"]
[White "Zelt, Jens"]
[Black "Arndt, Olaf"]
[Result "1/2-1/2"]
[WhiteElo "2071"]
[BlackElo "1884"]
[PlyCount "90"]
[EventDate "2018.09.02"]
[EventType "team-tourn"]
[EventRounds "11"]
[EventCountry "GER"]
[SourceTitle "EXT 2022"]
[Source "ChessBase"]
[SourceDate "2021.10.06"]
[SourceVersion "1"]
[SourceVersionDate "2021.10.06"]
[SourceQuality "1"]
[WhiteTeam "Dortmund Hansa II"]
[BlackTeam "Horst Emscher"]
[WhiteTeamCountry "GER"]
[BlackTeamCountry "GER"]

1. d4 f5 2. g3 e6 3. Bg2 d5 4. Nh3 Nf6 5. 0-0 Bd6 6. f3 0-0 7. c3 c5 8. Nf2 cxd4 9. cxd4 Qb6 10. Nc3 Nc6 11. e3 Bd7 12. Nd3 Nb4 13. Re1 Rac8 14. Bf1 h5 15. Ne5 Be8 16. a3 Nc6 17. Nxc6 Bxc6 18. Rb1 Qc7 19. Re2 b5 20. Bd2 a5 21. Na2 Qa7 22. Be1 Bd7 23. Qd2 a4 24. Qd1 Rc7 25. Bb4 Qb6 26. Rc2 Rxc2 27. Qxc2 Rc8 28. Qd2 Bb8 29. Rc1 e5 30. Rxc8+ Bxc8 31. Qc2 Be6 32. Bc5 Qb7 33. Nc3 exd4 34. Nxb5 dxe3 35. Bxe3 Be5 36. Nd4 Bd7 37. Bd3 g6 38. Kg2 Kf7 39. Kg1 Qb8 40. f4 Bd6 41. Nf3 Ne4 42. Bd4 Qc7 43. Qxc7 Bxc7 44. Ne5+ Bxe5 45. Bxe5 Ke6 1/2-1/2

[Event "Ruhrgebiet Regionalliga 1819"]
[Site "Nordrheinwestfalen"]
[Date "2019.03.03"]
[Round "8.6"]
[White "Zelt, Jens"]
[Black "Gorainow, Nikita"]
[Result "1-0"]
[WhiteElo "2087"]
[BlackElo "1935"]
[PlyCount "79"]
[EventDate "2018.09.02"]
[EventType "team-tourn"]
[EventRounds "11"]
[EventCountry "GER"]
[SourceTitle "EXT 2022"]
[Source "ChessBase"]
[SourceDate "2021.10.06"]
[SourceVersion "1"]
[SourceVersionDate "2021.10.06"]
[SourceQuality "1"]
[WhiteTeam "Dortmund Hansa II"]
[BlackTeam "Essen Katernberg II"]
[WhiteTeamCountry "GER"]
[BlackTeamCountry "GER"]

1. d4 Nf6 2. Nf3 g6 3. c3 Bg7 4. Bf4 d6 5. h3 0-0 6. e3 Nbd7 7. Be2 c5 8. 0-0 b6 9. Nbd2 Bb7 10. Qc2 Rc8 11. Rfd1 a6 12. a4 Qc7 13. Bh2 Rfe8 14. Qb3 Qb8 15. Bc4 e6 16. Ne1 Bf8 17. Qc2 Qa8 18. Bd3 cxd4 19. exd4 Bd5 20. Nf1 e5 21. dxe5 dxe5 22. Ne3 Be6 23. Qe2 a5 24. Ba6 Rcd8 25. Bb5 Bc5 26. Nf3 Bb3 27. Rd2 e4 28. Nd4 Bxd4 29. Rxd4 Qb7 30. Qd2 Be6 31. Rd1 Qc8 32. Be5 Nxe5 33. Rxd8 Rxd8 34. Qxd8+ Qxd8 35. Rxd8+ Kg7 36. Rd6 Ned7 37. Bc4 Bf5 38. g4 Be6 39. Bxe6 fxe6 40. g5 1-0

[Event "Ruhrgebiet Regionalliga 1718"]
[Site "Germany"]
[Date "2018.02.11"]
[Round "6.8"]
[White "Zelt, Jens"]
[Black "Olf, Hans Helmut"]
[Result "1-0"]
[WhiteElo "2041"]
[BlackElo "1991"]
[PlyCount "95"]
[EventDate "2017.10.01"]
[EventType "team-tourn"]
[EventRounds "9"]
[EventCountry "GER"]
[SourceTitle "EXT 2022"]
[Source "ChessBase"]
[SourceDate "2021.10.06"]
[SourceVersion "1"]
[SourceVersionDate "2021.10.06"]
[SourceQuality "1"]
[WhiteTeam "Dortmund Hansa II"]
[BlackTeam "Welper SV"]
[WhiteTeamCountry "GER"]
[BlackTeamCountry "GER"]

1. d4 Nf6 2. Nf3 g6 3. h3 Bg7 4. c3 d6 5. Bf4 0-0 6. e3 c5 7. Be2 cxd4 8. exd4 Bd7 9. 0-0 Bc6 10. Nbd2 Nbd7 11. Nc4 b5 12. Ne3 Nb6 13. Bg5 Nbd5 14. Re1 Nxe3 15. Bxe3 Nd5 16. Bd2 Rb8 17. Qc1 Re8 18. Bh6 Bh8 19. Ng5 e5 20. dxe5 dxe5 21. Bf1 Nf4 22. Qe3 Qb6 23. Qxb6 Rxb6 24. Ne4 Ne6 25. Be3 Rbb8 26. f3 a5 27. Rad1 Red8 28. Rxd8+ Nxd8 29. Rd1 Nb7 30. Bb6 f5 31. Nc5 Nxc5 32. Bxc5 Bg7 33. Rd6 Be8 34. Ra6 a4 35. Bd6 Rd8 36. Rb6 e4 37. Kf2 exf3 38. Kxf3 Kf7 39. Be2 Bf6 40. Ba3 Rd5 41. Rb7+ Rd7 42. Rxb5 Ra7 43. Bc4+ Kg7 44. Rb8 Bc6+ 45. Kf2 Be5 46. Bf8+ Kf6 47. Rb6 Rc7 48. Bd5 1-0

[Event "Ruhrgebiet Regionalliga 1718"]
[Site "Germany"]
[Date "2017.10.01"]
[Round "1.8"]
[White "Zelt, Jens"]
[Black "Herrmann, Christoph"]
[Result "1-0"]
[WhiteElo "2033"]
[BlackElo "1860"]
[PlyCount "97"]
[EventDate "2017.10.01"]
[EventType "team-tourn"]
[EventRounds "9"]
[EventCountry "GER"]
[SourceTitle "EXT 2022"]
[Source "ChessBase"]
[SourceDate "2021.10.06"]
[SourceVersion "1"]
[SourceVersionDate "2021.10.06"]
[SourceQuality "1"]
[WhiteTeam "Dortmund Hansa II"]
[BlackTeam "Dortmund SV"]
[WhiteTeamCountry "GER"]
[BlackTeamCountry "GER"]

1. d4 Nf6 2. Nf3 g6 3. c3 Bg7 4. h3 0-0 5. Bf4 d6 6. e3 Nbd7 7. Be2 Qe8 8. 0-0 c6 9. Nbd2 e5 10. dxe5 dxe5 11. Bh2 e4 12. Nd4 Qe7 13. Nc4 Ne8 14. Qc2 Nb6 15. Rfd1 Nxc4 16. Bxc4 Be5 17. Rd2 Bxh2+ 18. Kxh2 Nd6 19. Bf1 Qe5+ 20. Kh1 c5 21. Nb5 Nxb5 22. Bxb5 Be6 23. Rad1 Rac8 24. Bd7 Rc7 25. Bxe6 Qxe6 26. c4 b6 27. Rd6 Qe7 28. Qa4 Rfc8 29. Kg1 Qe8 30. Qc2 f5 31. Qc3 Qe7 32. R1d5 Re8 33. Qd2 Qf7 34. b3 Rce7 35. h4 h5 36. g3 Kh7 37. Kg2 Re6 38. a3 Rxd6 39. Rxd6 Re7 40. Rd8 Re8 41. Rd5 Re7 42. b4 cxb4 43. axb4 Rc7 44. c5 bxc5 45. bxc5 Qe6 46. Qd4 Qe7 47. c6 Rxc6 48. Rd7 Re6 49. Qxa7 1-0

[Event "Ruhrgebiet Verbandsliga Gruppe 2 1617"]
[Site "Germany"]
[Date "2016.12.18"]
[Round "5.8"]
[White "Schaller, Kai"]
[Black "Zelt, Jens"]
[Result "0-1"]
[WhiteElo "1654"]
[BlackElo "1988"]
[PlyCount "68"]
[EventDate "2016.09.04"]
[EventType "team-tourn"]
[EventRounds "9"]
[EventCountry "GER"]
[SourceTitle "EXT 2022"]
[Source "ChessBase"]
[SourceDate "2021.10.06"]
[SourceVersion "1"]
[SourceVersionDate "2021.10.06"]
[SourceQuality "1"]
[WhiteTeam "Welper SV II"]
[BlackTeam "Dortmund Hansa II"]
[WhiteTeamCountry "GER"]
[BlackTeamCountry "GER"]

1. e4 d6 2. d4 c6 3. Nc3 Nd7 4. f4 g6 5. Nf3 Bg7 6. Be2 e6 7. 0-0 Ne7 8. a4 0-0 9. Be3 d5 10. e5 b6 11. Qd2 a6 12. b4 a5 13. Nd1 axb4 14. Qxb4 Ra5 15. c3 c5 16. Qb2 Qc7 17. Nf2 Bb7 18. Rfb1 Bc6 19. Bb5 Rfa8 20. Nd3 Bf8 21. dxc5 bxc5 22. Bxc6 Qxc6 23. Qb7 Rxa4 24. Qxc6 Nxc6 25. Rxa4 Rxa4 26. Rb7 Ra7 27. Rxa7 Nxa7 28. Nd2 Nc6 29. c4 Na5 30. cxd5 exd5 31. Bf2 c4 32. Ne1 g5 33. g3 gxf4 34. gxf4 Bh6 0-1

[Event "Ruhrgebiet Verbandsliga Gruppe 2 1617"]
[Site "Germany"]
[Date "2016.10.30"]
[Round "3.6"]
[White "Kueper, Peter"]
[Black "Zelt, Jens"]
[Result "0-1"]
[WhiteElo "1882"]
[BlackElo "1988"]
[PlyCount "76"]
[EventDate "2016.09.04"]
[EventType "team-tourn"]
[EventRounds "9"]
[EventCountry "GER"]
[SourceTitle "EXT 2022"]
[Source "ChessBase"]
[SourceDate "2021.10.06"]
[SourceVersion "1"]
[SourceVersionDate "2021.10.06"]
[SourceQuality "1"]
[WhiteTeam "Kirchhellen SF"]
[BlackTeam "Dortmund Hansa II"]
[WhiteTeamCountry "GER"]
[BlackTeamCountry "GER"]

1. e4 d6 2. d4 c6 3. c4 Nd7 4. Nc3 e5 5. Nf3 h6 6. Be2 Ne7 7. 0-0 Ng6 8. Be3 Be7 9. Qd2 0-0 10. d5 c5 11. h3 Re8 12. Nh2 Nf6 13. Ng4 Bf8 14. Nxf6+ Qxf6 15. Bg4 a6 16. Bxc8 Raxc8 17. Ne2 b5 18. Qa5 b4 19. Qxa6 Nf4 20. Ng3 h5 21. Qa4 h4 22. Nh1 Be7 23. Qc2 Nh5 24. a3 bxa3 25. bxa3 Rc7 26. a4 Ra8 27. Rfb1 Ra6 28. Ra3 Rca7 29. f3 Qg6 30. Nf2 Bg5 31. Bxg5 Qxg5 32. Nd1 Nf4 33. Kh1 Rxa4 34. Rxa4 Rxa4 35. Ne3 Ra6 36. Qf2 g6 37. Kh2 Kg7 38. Rb2 Nd3 0-1

[Event "Ruhrgebiet Verbandsliga Gruppe 1 1516"]
[Site "Germany"]
[Date "2016.01.24"]
[Round "6.4"]
[White "Andersen, Knut"]
[Black "Zelt, Jens"]
[Result "1/2-1/2"]
[WhiteElo "1942"]
[BlackElo "1992"]
[PlyCount "75"]
[EventDate "2015.09.06"]
[EventType "team-tourn"]
[EventRounds "9"]
[EventCountry "GER"]
[SourceTitle "EXT 2022"]
[Source "ChessBase"]
[SourceDate "2021.10.06"]
[SourceVersion "1"]
[SourceVersionDate "2021.10.06"]
[SourceQuality "1"]
[WhiteTeam "Buer SF"]
[BlackTeam "Dortmund Hansa III"]
[WhiteTeamCountry "GER"]
[BlackTeamCountry "GER"]

1. c4 d6 2. Nc3 c6 3. d4 Nd7 4. Nf3 e5 5. e4 h6 6. Be2 Ne7 7. dxe5 dxe5 8. 0-0 Ng6 9. Be3 Be7 10. Qc2 0-0 11. Rfd1 Qc7 12. a3 Nf6 13. h3 Be6 14. c5 Rfd8 15. b4 Rxd1+ 16. Rxd1 Rd8 17. Rxd8+ Bxd8 18. Na4 Qe7 19. Nb2 Bc7 20. Nc4 Ne8 21. Bc1 Qd7 22. Bb2 f6 23. Ne3 Nf4 24. Bc4 Qf7 25. Nh4 g6 26. a4 Bxc4 27. Qxc4 Qxc4 28. Nxc4 Kf7 29. b5 cxb5 30. axb5 Ne6 31. Ba3 b6 32. cxb6 Bxb6 33. Nf3 N6c7 34. Nxb6 axb6 35. Bc1 Nxb5 36. Bxh6 Nc3 37. Be3 Nxe4 38. Bxb6 1/2-1/2

[Event "NRW Verbandsklasse Group2 1314"]
[Site "Nordrheinwestfalen"]
[Date "2013.12.15"]
[Round "5.3"]
[White "Panofen, Ingo"]
[Black "Zelt, Jens"]
[Result "1/2-1/2"]
[WhiteElo "1906"]
[BlackElo "2001"]
[PlyCount "74"]
[EventDate "2013.09.08"]
[EventType "team-tourn"]
[EventRounds "9"]
[EventCountry "GER"]
[SourceTitle "EXT 2020"]
[Source "ChessBase"]
[SourceDate "2019.10.17"]
[SourceVersion "1"]
[SourceVersionDate "2019.10.17"]
[SourceQuality "1"]
[WhiteTeam "Castrop Rauxel II"]
[BlackTeam "Dortmund Hansa III"]
[WhiteTeamCountry "GER"]
[BlackTeamCountry "GER"]

1. d4 d6 2. Nf3 c6 3. c4 Nd7 4. Bf4 Ngf6 5. Nc3 Nh5 6. Bd2 e5 7. e4 Nhf6 8. Be2 Be7 9. 0-0 0-0 10. Qc2 Re8 11. Rad1 Qc7 12. Rfe1 Nf8 13. h3 Ng6 14. dxe5 dxe5 15. Be3 h6 16. c5 Be6 17. b4 Red8 18. a4 Rxd1 19. Rxd1 Rd8 20. Bf1 Rxd1 21. Qxd1 Nd7 22. Nd2 a5 23. Qb1 axb4 24. Qxb4 Ngf8 25. Nc4 Bxc4 26. Bxc4 Ne6 27. Bxe6 fxe6 28. Ne2 Kf7 29. Nc1 Qc8 30. Qc3 Qa8 31. Nd3 Qxa4 32. Nxe5+ Nxe5 33. Qxe5 Qd1+ 34. Kh2 Qd7 35. f4 Bf6 36. Qh5+ Kf8 37. Qe2 Qd8 1/2-1/2

[Event "Ruhrgebiet Verbandsliga2 1112"]
[Site "Nordrheinwestfalen"]
[Date "2011.10.09"]
[Round "2.1"]
[White "Zelt, Jens"]
[Black "Hassenrueck, Helmut"]
[Result "1/2-1/2"]
[WhiteElo "2022"]
[BlackElo "2149"]
[PlyCount "140"]
[EventDate "2011.09.18"]
[EventType "team-tourn"]
[EventRounds "9"]
[EventCountry "GER"]
[SourceTitle "EXT 2020"]
[Source "ChessBase"]
[SourceDate "2019.10.17"]
[SourceVersion "1"]
[SourceVersionDate "2019.10.17"]
[SourceQuality "1"]
[WhiteTeam "Dortmund Hansa IV"]
[BlackTeam "Gladbeck SG"]
[WhiteTeamCountry "GER"]
[BlackTeamCountry "GER"]

1. d4 Nf6 2. Nf3 d5 3. c3 c5 4. Bf4 Nc6 5. e3 Qb6 6. Qb3 c4 7. Qc2 Bf5 8. Qc1 e6 9. Nbd2 h6 10. h3 Be7 11. Be2 0-0 12. 0-0 Rfc8 13. Ne1 Qd8 14. Bd1 b5 15. a3 a5 16. Bc2 Bd6 17. Bxd6 Qxd6 18. Qb1 Bxc2 19. Qxc2 b4 20. axb4 axb4 21. Rxa8 Rxa8 22. e4 b3 23. Qb1 Qf4 24. exd5 exd5 25. Nef3 Ne4 26. Rd1 f5 27. Kf1 Ra2 28. g3 Qd6 29. Kg2 g5 30. Nh2 Kg7 31. Nhf1 Ra7 32. f3 Nxd2 33. Rxd2 Qe6 34. Qd1 Re7 35. Kf2 f4 36. g4 Qg6 37. Kg1 h5 38. Qa1 hxg4 39. hxg4 Qe6 40. Kf2 Qh6 41. Kg1 Qe6 42. Kf2 Nb8 43. Qd1 Nd7 44. Re2 Qf6 45. Qe1 Rxe2+ 46. Qxe2 Kf7 47. Kg1 Nb6 48. Qe1 Qe6 49. Qa1 Qd7 50. Qa3 Na4 51. Kf2 Qb5 52. Nd2 Qe8 53. Nf1 Qd7 54. Kg1 Nb6 55. Qc5 Nc8 56. Qa5 Ne7 57. Qa6 Ng6 58. Kf2 Kg7 59. Kg1 Nh4 60. Kf2 Ng6 61. Nd2 Qe8 62. Nf1 Qd7 63. Nd2 Nf8 64. Nf1 Nh7 65. Nd2 Nf6 66. Nf1 Qe8 67. Qb7+ Kh6 68. Qa6 Qg6 69. Kg1 Nd7 70. Qc8 Qg7 1/2-1/2

[Event "Dortmund op"]
[Site "Dortmund"]
[Date "2009.07.09"]
[Round "6"]
[White "Steinmetzer, Thomas"]
[Black "Zelt, Jens"]
[Result "1/2-1/2"]
[WhiteElo "2069"]
[BlackElo "2021"]
[PlyCount "85"]
[EventDate "2009.07.04"]
[EventType "swiss"]
[EventRounds "9"]
[EventCountry "GER"]
[SourceTitle "CBM 131 Extra"]
[Source "ChessBase"]
[SourceDate "2009.09.03"]
[SourceVersion "2"]
[SourceVersionDate "2009.09.16"]
[SourceQuality "1"]

1. e4 c5 2. Nf3 Nc6 3. d4 cxd4 4. Nxd4 d6 5. Nc3 Bd7 6. Be3 Nf6 7. f3 Rc8 8. g4 g6 9. Nxc6 bxc6 10. g5 Nh5 11. f4 a5 12. Be2 Ng7 13. Qd3 Rb8 14. 0-0-0 Qc8 15. b3 Qb7 16. Rhf1 Qb4 17. Qc4 Qxc4 18. Bxc4 h6 19. Bd4 c5 20. Be3 hxg5 21. fxg5 e6 22. Bf4 Rb6 23. Rd3 Nh5 24. Bd2 Be7 25. a4 Bc6 26. Rdf3 Rh7 27. h4 Bb7 28. Kd1 Bd8 29. Ke2 Ke7 30. Ke3 Bc6 31. Bb5 Ba8 32. Kd3 Rb8 33. Nd1 Bb6 34. c4 Rd8 35. Ne3 Bb7 36. Bc3 e5 37. Ng2 Rf8 38. Bd2 Ng7 39. Be1 Ne6 40. Bc3 Bc7 41. Ke3 Nd8 42. Rd1 Bc8 43. Rdf1 1/2-1/2

[Event "Dortmund op"]
[Site "Dortmund"]
[Date "2009.07.08"]
[Round "5"]
[White "Zelt, Jens"]
[Black "Rettenbacher, Stefan"]
[Result "0-1"]
[WhiteElo "2021"]
[BlackElo "2105"]
[PlyCount "84"]
[EventDate "2009.07.04"]
[EventType "swiss"]
[EventRounds "9"]
[EventCountry "GER"]
[SourceTitle "CBM 131 Extra"]
[Source "ChessBase"]
[SourceDate "2009.09.03"]
[SourceVersion "2"]
[SourceVersionDate "2009.09.16"]
[SourceQuality "1"]

1. d4 Nf6 2. Nf3 c5 3. c3 cxd4 4. cxd4 d5 5. h3 Nc6 6. Nc3 Bf5 7. a3 Rc8 8. e3 a6 9. Be2 e6 10. 0-0 Bd6 11. Bd2 Nd7 12. b4 0-0 13. b5 axb5 14. Nxb5 Be7 15. Ra2 Nb6 16. Qa1 Nc4 17. Bxc4 dxc4 18. Bc3 Qd5 19. Qb2 Bf6 20. Rc1 Bxh3 21. e4 Qxe4 22. Nd6 Qg6 23. Ne1 Rc7 24. Qb6 Rd7 25. Nxc4 Nxd4 26. Ne3 e5 27. Bb4 Rfd8 28. Rd2 h6 29. Rc7 Rxc7 30. Qxc7 Rd7 31. Qb6 Be6 32. Kf1 Qh5 33. Kg1 Qg6 34. Kf1 Bg5 35. Qc5 Qf6 36. Kg1 Kh7 37. Qc3 Qg6 38. Rb2 Bf6 39. Rd2 e4 40. Qc8 Nf3+ 41. Nxf3 Rxd2 42. Qxb7 Rd7 0-1

[Event "Dortmund op"]
[Site "Dortmund"]
[Date "2009.07.07"]
[Round "4"]
[White "Harff, Marcel"]
[Black "Zelt, Jens"]
[Result "1/2-1/2"]
[WhiteElo "2192"]
[BlackElo "2021"]
[PlyCount "75"]
[EventDate "2009.07.04"]
[EventType "swiss"]
[EventRounds "9"]
[EventCountry "GER"]
[SourceTitle "CBM 131 Extra"]
[Source "ChessBase"]
[SourceDate "2009.09.03"]
[SourceVersion "2"]
[SourceVersionDate "2009.09.16"]
[SourceQuality "1"]

1. c4 c5 2. Nc3 g6 3. g3 Bg7 4. Bg2 e6 5. a3 a6 6. b4 cxb4 7. axb4 Ne7 8. Bb2 0-0 9. Nf3 d5 10. c5 Bd7 11. 0-0 Nbc6 12. Qb3 Nd4 13. Nxd4 Bxd4 14. Nxd5 Bxb2 15. Nxe7+ Qxe7 16. Qxb2 Bb5 17. d4 Rad8 18. Rfd1 h5 19. e4 h4 20. d5 Qg5 21. Qd2 Qh5 22. Qf4 hxg3 23. hxg3 exd5 24. Bf3 Qh3 25. Bg4 Qh8 26. e5 Rfe8 27. Re1 Bd7 28. Bf3 Bc6 29. Rad1 Qg7 30. Bg2 g5 31. Qd4 Re6 32. Bh3 Rh6 33. Kg2 Re8 34. Re2 Kf8 35. f3 Qh8 36. Qg4 Re7 37. Qc8+ Re8 38. Qf5 1/2-1/2

[Event "Dortmund op"]
[Site "Dortmund"]
[Date "2009.07.04"]
[Round "1"]
[White "Wittenberg, Andreas"]
[Black "Zelt, Jens"]
[Result "0-1"]
[WhiteElo "2129"]
[BlackElo "2021"]
[PlyCount "130"]
[EventDate "2009.07.04"]
[EventType "swiss"]
[EventRounds "9"]
[EventCountry "GER"]
[SourceTitle "CBM 131 Extra"]
[Source "ChessBase"]
[SourceDate "2009.09.03"]
[SourceVersion "2"]
[SourceVersionDate "2009.09.16"]
[SourceQuality "1"]

1. d4 d6 2. g3 g6 3. Bg2 Bg7 4. Nf3 c6 5. 0-0 Nd7 6. b3 Ngf6 7. Bb2 0-0 8. Nbd2 d5 9. Re1 Re8 10. c4 b6 11. e4 dxe4 12. Nxe4 Nxe4 13. Rxe4 Bb7 14. Re2 Qc7 15. Qc2 Rad8 16. Rae1 e6 17. Bc1 Qc8 18. Bg5 f6 19. Bf4 Nf8 20. Bh3 c5 21. d5 f5 22. Bg5 Rd6 23. Bg2 h6 24. Bf4 Rdd8 25. Ne5 exd5 26. cxd5 Ba6 27. Nc4 Qd7 28. h4 Rxe2 29. Qxe2 Bc3 30. Rd1 Re8 31. Qc2 Bg7 32. Bh3 Re4 33. Ne3 Qd8 34. h5 g5 35. Nxf5 Re2 36. Bd2 Qxd5 37. Nxg7 Bb7 38. Qc4 Qxc4 39. bxc4 Kxg7 40. Bf1 Re6 41. Bc3+ Kf7 42. Rd3 Be4 43. Re3 Bb1 44. Rf3+ Ke7 45. Bg7 Nd7 46. Rb3 Bf5 47. f3 Kf7 48. Bb2 Rd6 49. Kf2 Nf6 50. g4 Bc2 51. Rc3 Bb1 52. Ke3 Re6+ 53. Kf2 Rd6 54. Ke1 Nd7 55. Rc1 Bh7 56. Be2 Nb8 57. Be5 Rd8 58. f4 Nc6 59. Bf3 Nxe5 60. fxe5 Ke6 61. Rc3 Rd3 62. Bd5+ Kxe5 63. Rc1 Be4 64. Bf7 Kf4 65. Kf1 Rb3 0-1

[Event "Ruhrgebiet VK2 0708"]
[Site "Germany"]
[Date "2008.04.27"]
[Round "9.4"]
[White "Irlaender, Walter"]
[Black "Zelt, Jens"]
[Result "1/2-1/2"]
[WhiteElo "1919"]
[BlackElo "1982"]
[PlyCount "29"]
[EventDate "2007.09.16"]
[EventType "team"]
[EventRounds "9"]
[EventCountry "GER"]
[SourceTitle "EXT 2009"]
[Source "ChessBase"]
[SourceDate "2008.11.26"]
[SourceVersion "1"]
[SourceVersionDate "2008.11.26"]
[SourceQuality "1"]
[WhiteTeam "Unna SV"]
[BlackTeam "Dortmund Hansa III"]
[WhiteTeamCountry "GER"]
[BlackTeamCountry "GER"]

1. d4 d6 2. Nc3 c6 3. e4 Qc7 4. f4 Nf6 5. Nf3 Bg4 6. Be2 e6 7. 0-0 Be7 8. Be3 Nbd7 9. Qd2 Nb6 10. Kh1 Nfd7 11. Rad1 d5 12. h3 Bxf3 13. Rxf3 f5 14. e5 a6 15. Nb1 1/2-1/2

[Event "Ruhrgebiet VK2 0708"]
[Site "Germany"]
[Date "2008.02.24"]
[Round "7.5"]
[White "Bremer, Joachim"]
[Black "Zelt, Jens"]
[Result "1/2-1/2"]
[WhiteElo "1806"]
[BlackElo "1982"]
[PlyCount "67"]
[EventDate "2007.09.16"]
[EventType "team"]
[EventRounds "9"]
[EventCountry "GER"]
[SourceTitle "EXT 2009"]
[Source "ChessBase"]
[SourceDate "2008.11.26"]
[SourceVersion "1"]
[SourceVersionDate "2008.11.26"]
[SourceQuality "1"]
[WhiteTeam "Altstadt RE II"]
[BlackTeam "Dortmund Hansa III"]
[WhiteTeamCountry "GER"]
[BlackTeamCountry "GER"]

1. c4 c5 2. Nc3 Nc6 3. Nf3 g6 4. e4 Bg7 5. Be2 d6 6. 0-0 Nf6 7. d3 0-0 8. Ne1 Nd4 9. f4 e6 10. Nc2 Nxc2 11. Qxc2 Rb8 12. Be3 b6 13. d4 Qe7 14. e5 Ne8 15. exd6 Nxd6 16. dxc5 Nf5 17. Bf2 bxc5 18. Rad1 Nd4 19. Bxd4 Bxd4+ 20. Kh1 a6 21. b3 Bb7 22. Bf3 Rfd8 23. Ne2 Qf6 24. Bxb7 Rxb7 25. Nxd4 Rxd4 26. Rxd4 Qxd4 27. Rd1 Qxf4 28. Qc3 Rd7 29. Qa1 Rd2 30. Rxd2 Qxd2 31. h3 Qf4 32. Qc3 f6 33. b4 cxb4 34. Qxb4 1/2-1/2

[Event "Ruhrgebiet Cup tt"]
[Site "Germany"]
[Date "2008.02.23"]
[Round "1.4"]
[White "Gutowski, Andre"]
[Black "Zelt, Jens"]
[Result "1-0"]
[WhiteElo "2019"]
[BlackElo "1982"]
[PlyCount "149"]
[EventDate "2008.02.28"]
[EventType "team"]
[EventRounds "3"]
[EventCountry "GER"]
[SourceTitle "EXT 2009"]
[Source "ChessBase"]
[SourceDate "2008.11.26"]
[SourceVersion "1"]
[SourceVersionDate "2008.11.26"]
[SourceQuality "1"]
[WhiteTeam "Muelheim Nord"]
[BlackTeam "Dortmund Hansa "]
[WhiteTeamCountry "GER"]
[BlackTeamCountry "GER"]

1. c4 c5 2. g3 d6 3. Bg2 Nc6 4. Nc3 Nf6 5. a3 g6 6. e3 Bg7 7. Nge2 0-0 8. 0-0 Bd7 9. Rb1 Rc8 10. b4 b6 11. d3 Qc7 12. h3 Rfe8 13. Qb3 Rcd8 14. Bb2 Qc8 15. Kh2 e5 16. Nd5 Nxd5 17. cxd5 Ne7 18. Rbc1 Qb8 19. b5 Rf8 20. a4 Bc8 21. d4 Nf5 22. dxc5 dxc5 23. a5 Bd7 24. Nc3 Nd6 25. Ra1 Qc7 26. axb6 axb6 27. Ra6 Rb8 28. Rfa1 Rfe8 29. e4 h6 30. Bf1 Rb7 31. Qa4 Reb8 32. Kg2 Qc8 33. Kh2 Qc7 34. Nb1 Kh7 35. Na3 Bc8 36. Nc4 Nxc4 37. Qxc4 Qd6 38. h4 Re7 39. R6a3 Rbb7 40. Bh3 Bxh3 41. Kxh3 Rbd7 42. Kg2 Re8 43. Ra7 Red8 44. Rxd7 Rxd7 45. Ra6 Bf6 46. Qa4 Bg7 47. Ra7 f5 48. f3 fxe4 49. fxe4 Qe7 50. Ra8 Qf6 51. Qc4 Rf7 52. Qe2 Rf8 53. Rxf8 Qxf8 54. h5 Qd6 55. Qg4 gxh5 56. Qxh5 c4 57. Qf5+ Kg8 58. Qc8+ Kh7 59. Qxc4 Qe7 60. Bc1 Bf8 61. Be3 Qa7 62. Bf2 Bc5 63. Bxc5 bxc5 64. d6 Qa5 65. Qf7+ Kh8 66. d7 Qd2+ 67. Kh3 Qd1 68. Qf6+ Kh7 69. Qf5+ Kg7 70. Qxe5+ Kh7 71. Qd5 Qf1+ 72. Kg4 Qe2+ 73. Kf5 Qf3+ 74. Ke6 Kg7 75. Qe5+ 1-0